| 000 | 00674nam a2200229 a 4500 | ||
|---|---|---|---|
| 005 | 20240925064816.0 | ||
| 008 | 991125s1989 mx 000 0 spa u | ||
| 020 | _a9682304180 | ||
| 035 | _aUPN01000052960 | ||
| 049 | _aCG | ||
| 050 | 4 |
_aHD85 E8 _bC5.8 1989 |
|
| 100 | 1 | _aCibotti, Ricardo | |
| 245 | 1 | 3 |
_aEl sector público en la planificación del desarrollo / _cRicardo Cibotti, Enrique Sierra. |
| 250 | _a15a ed. | ||
| 260 |
_aMéxico : _bSiglo XXI, _c1989. |
||
| 300 | _a271 p. | ||
| 440 | 0 | _aEconomía y demografía | |
| 650 | 2 |
_aPolítica económica _91147 |
|
| 650 | 4 |
_aGastos públicos _911580 |
|
| 700 | 1 |
_aSierra Castro, Enrique, _ecoaut. |
|
| 905 | _aLibro | ||
| 999 |
_c52960 _d52960 |
||